Procesamiento de datos / Martin M. Lipschutz (Registro nro. 13559)
[ vista simple ]
| 000 -LÍDER | |
|---|---|
| fixed length control field | 00609nam a2200169 4500 |
| 008 - ELEMENTOS DE LONGITUD FIJA -- INFORMACIÓN GENERAL | |
| fixed length control field | 01985 1982 0a 000 0MEX |
| 020 ## - NÚMERO INTERNACIONAL NORMALIZADO PARA LIBROS | |
| ISBN | 968-451-412-3 |
| 050 ## - SIGNATURA TOPOGRAFICA DE LA BIBLIOTECA DEL CONGRESO (LC) | |
| Número de Clasificación | QA76.9D3 L5618 |
| 082 ## - NUMERO DE CLASIFICACION DECIMAL DEWEY | |
| Número de Clasificación | 001.6 L213p |
| 100 ## - ASIENTO PRINCIPAL--NOMBRE PERSONAL | |
| Nombre personal | Lipschutz, Martin M. |
| 245 ## - TÍTULO | |
| Título | Procesamiento de datos / Martin M. Lipschutz |
| 260 ## - PUBLICACIÓN, DISTRIBUCIÓN, ETC. (PIE DE IMPRENTA) | |
| Lugar de publicación, distribución, etc. | México : McGraw Hill |
| 300 ## - DESCRIPCIÓN FÍSICA | |
| Extensión | 218 p. /27cm |
| 500 ## - NOTA GENERAL | |
| Nota general | Incluye índice general |
| 650 ## - ASIENTO SECUNDARIO DE MATERIA - TERMINO TEMÁTICO | |
| Término temático o nombre geográfico como elemento de entrada | 1.PROCESAMIENTO ELECTRONICO DE DATOS \ 2.pROCESAMIENTO ELECTRONICO DE DATOS-PROBLEMA, EJERCICIOS, ETC. |
| 700 ## - ASIENTO SECUNDARIO - NOMBRE PERSONAL | |
| Nombre personal | Villamizar Herrera, Jesus, Tr. \ Viloria Santamaria, Maximo. Rev. |
| No. biblioteca | No. biblioteca | Número de clasificación | Código de barras/Número de adquisición | Número de copia | Tipo de material |
|---|---|---|---|---|---|
| LUIS G. INCLAN | LUIS G. INCLAN | 001.6 L213p | 23535 | 19 | Libros |
| LUIS G. INCLAN | LUIS G. INCLAN | 001.6 L213p | 15860 | 1 | Libros |
